| 000 | 01099nam a22003011i 4500 | ||
|---|---|---|---|
| 999 |
_c171195 _d171195 |
||
| 005 | 20191114113939.0 | ||
| 008 | 190218t20182018enk||||| |||| 00| 0 eng d | ||
| 020 |
_a9780008264468 _cRM69.90 _qpaperback |
||
| 020 |
_a9780062863652 _cRM69.90 _qpaperback |
||
| 040 |
_aPPAK _beng _cPPAK _erda |
||
| 082 | 0 | 4 |
_223 _a823.92 |
| 090 | 0 | 0 |
_a823.92 _bHAN _dG |
| 100 | 1 |
_aHannah, Sophie _d1971- _eauthor., |
|
| 245 | 1 | 4 |
_aTHE MYSTERY OF THREE QUARTERS : _bTHE NEW HERCULE POIROT MYSTERY / _cSOPHIE HANNAH ; created by Agatha Christie. |
| 264 | 1 |
_aLondon : _bHarperCollinsPublishers, _c2018 |
|
| 264 | 1 |
_aNew York, NY : _bWilliam Morrow, _c2018 |
|
| 264 | 4 | _c©2018 | |
| 300 |
_a2 volume (384 pages ; 344 pages) : _c23 cm |
||
| 336 |
_2rdacontent _atext |
||
| 337 |
_2rdamedia _aunmediated |
||
| 338 |
_2rdacarrier _avolume |
||
| 365 |
_b69.90 _cMYR |
||
| 600 | 1 | 0 |
_aPoirot, Hercule _c(Fictitious character) _vFiction. |
| 650 | 1 | 0 |
_aPrivate investigators _vFiction. _zBelgium |
| 651 | 2 | 0 |
_aLondon (England) _vFiction. _xHistory _y20th century |
| 655 | 0 | _aDetective and mystery stories. | |
| 942 |
_2ddc _cB |
||